Flagi terytoriów zależnych - Statystyki

Ogólne statystyki
  • Ten quiz został rozwiązany 313 razy
  • Średni wynik to 32 z 54
Statystyki odpowiedzi
Obrazkowy Odpowiedź % Poprawnych
Grenlandia
90%
Guam
89%
Aruba
85%
Bermudy
85%
Wyspy Kokosowe
84%
Gibraltar
83%
Wyspy Cooka
81%
Makau
80%
Nowa Kaledonia
80%
Mariany Północne
79%
Jersey
78%
Portoryko
78%
Wyspy Owcze
78%
Curaçao
77%
Wyspa Man
77%
Hongkong
76%
Antarktyda
75%
Anguilla
74%
Samoa Amerykańskie
72%
Wyspy Dziewicze Stanów Zjednoczonych
72%
Brytyjskie Wyspy Dziewicze
71%
Niue
68%
Polinezja Francuska
68%
Wyspa Norfolk
67%
Gujana Francuska
65%
Tokelau
65%
Wyspy Alandzkie
65%
Guernsey
64%
Kajmany
64%
Majotta
63%
Martynika
63%
Wyspa Bożego Narodzenia
63%
Pitcairn
62%
Turks i Caicos
61%
Falklandy
59%
Gwadelupa
59%
Irlandia Północna
59%
Montserrat
56%
Brytyjskie Terytorium Oceanu Indyjskiego
55%
Reunion
51%
Sahara Zachodnia
51%
Wallis i Futuna
48%
Wyspa Świętej Heleny, Wyspa Wniebowstąpienia i Tristan da Cunha
42%
Sint Maarten
41%
Saint-Pierre i Miquelon
40%
Georgia Południowa i Sandwich Południowy
27%
Francuskie Terytoria Południowe i Antarktyczne
26%
Saint-Barthélemy
16%
Saint Martin
15%
Wyspa Bouveta
15%
Holandia Karaibska
13%
Wyspy Heard i McDonalda
13%
Svalbard i Jan Mayen
11%
Dalekie Wyspy Mniejsze Stanów Zjednoczonych
8%
Nie znaleziono quizów pasujących do podanych kryteriów
Rozkład punktacji
Procent ludzi z każdym wynikiem
Percentyl według liczby udzielonych odpowiedzi
Twoja historia wyników
Nie rozwiązałeś tego quizu